ห้องสมุด วิทยาลัยพยาบาลบรมราชชนนี อุดรธานี
Boromarajonani College of Nursing, Udonthani
เปลี่ยนเป็นภาษาไทย

Change to English
 แสดงรายละเอียดบรรณานุกรม
  กลับหน้าหลัก

Brief Record : Get Marc (ISO 2709) : E-mail record : QR code ปิดหน้าต่าง
หนังสืออ้างอิง : เกี่ยวกับ Collections
mysqli: Table './ulib2015/stat_globaluid' is marked as crashed and last (automatic?) repair failed
select id from stat_globaluid where statuid='20260418052057_691' 
mysqli: Table './ulib2015/stat_globaluid' is marked as crashed and last (automatic?) repair failed
DELETE FROM stat_globaluid
			WHERE id NOT IN (
			  SELECT id
			  FROM (
				SELECT id
				FROM stat_globaluid
				ORDER BY id DESC
				LIMIT 100
			  ) foo
			); 
mysqli: Table './ulib2015/stat_globaluid' is marked as crashed and last (automatic?) repair failed
insert into stat_globaluid set
		statuid='20260418052057_691',
		dt='1776464457',
		phpself='/ULIB/dublinfull.php',
		agent='Mozilla/5.0 AppleWebKit/537.36 (KHTML, like Gecko; compatible; ClaudeBot/1.0; +claudebot@anthropic.com)',
		yea='2026',
		mon='4',
		dat='18',
		ip='216.73.216.142'
		
		
LEADER 00566nam 2200193 a 4500
001    9148
003     ULIBM
008    100211s2549 th m a000 0 tha d
050  4 ^a A ^bว585จ 2549.
245 ^a ^a1111
250    ^a พิมพ์ครั้งที่ 1.
300    ^a 55 หน้า
650  7 ^a เกษียณอายุ:^bข้าราชการ--วันเกษียณอายุ.
710 2  ^a วิทยาลัยพยาบาลบรมราชชนนี อุดรธานี.
945    ^p0^l0^i22588
945    ^p0^l0^i22589
945    ^p0^l0^i22590
945    ^p0^l0^i22591
945    ^p0^l0^i22592
945    ^p0^l0^i22593
945    ^p0^l0^i22594
945    ^p0^l0^i22595
999    ^aลิขิตลักษณ์
รายการนี้ยังไม่มีแท็ก
คุณยังไม่ได้ล็อกอิน คุณสามารถมีกิจกรรมร่วมกับเว็บไซต์ได้ แต่ต้องล็อกอินก่อน ::
  ล็อกอิน
ลำดับที่ ประเภท เลขเรียก/บาร์โค้ด สถานที่ สถานะ
1. หนังสือภาษาไทย
หนังสือภาษาไทย
A ว585จ 2549.  
  Barcode: 22588
หนังสือทั่วไป On Shelf
2. หนังสือภาษาไทย
หนังสือภาษาไทย
A ว585จ 2549. ฉ.2 
  Barcode: 22589
หนังสือทั่วไป On Shelf
3. หนังสือภาษาไทย
หนังสือภาษาไทย
A ว585จ 2549. ฉ.3 
  Barcode: 22590
หนังสือทั่วไป On Shelf
4. หนังสือภาษาไทย
หนังสือภาษาไทย
A ว585จ 2549. ฉ.4 
  Barcode: 22591
หนังสือทั่วไป On Shelf
5. หนังสือภาษาไทย
หนังสือภาษาไทย
A ว585จ 2549. ฉ.5 
  Barcode: 22592
หนังสือทั่วไป On Shelf
6. หนังสือภาษาไทย
หนังสือภาษาไทย
A ว585จ 2549. ฉ.6 
  Barcode: 22593
หนังสือทั่วไป On Shelf
7. หนังสือภาษาไทย
หนังสือภาษาไทย
A ว585จ 2549. ฉ.7 
  Barcode: 22594
หนังสือทั่วไป On Shelf
8. หนังสือภาษาไทย
หนังสือภาษาไทย
A ว585จ 2549. ฉ.8 
  Barcode: 22595
หนังสือทั่วไป On Shelf
   [แสดง 8/8 รายการ]

mysqli: Can't create/write to file '/var/tmp/#sql_59d_0.MAI' (Errcode: 2)
select * from index_db where titl like '%จึงร่ำลือเลื่องล้ำ...เป็นตำนาน... / วิทยาลัยพยาบาลบรมราชชนนี อุดรธานี.%' and mid<>'9148'  order by rand() limit 3
mysqli: Can't create/write to file '/var/tmp/#sql_59d_0.MAI' (Errcode: 2)
select * from index_db where subj like '%เกษียณอายุ: ข้าราชการ--วันเกษียณอายุ.%' and mid<>'9148'  order by rand() limit 3

BibComment


ยังไม่เคยถูกคอมเมนท์

คอมเมนท์ทรัพยากรรายการนี้
  คอมเมนท์: จึงร่ำลือเลื่อง..
Bib 9148

 
 
 

 Union Library Management : ULibM
Copyright 2026. All Rights Reserved.